000 00762nam a2200241Ia 4500
003 OSt
005 20220923215308.0
006 a|||||r|||| 00| 0
007 ta
008 220922b |||||||| |||| 00| 0 hin d
024 _a177,509
037 _cTextual
040 _aARTS
_cARTS
_bhin
041 _2hin
_ahin
082 _aO152,1L53:g(P:75), M2-;1
100 _aसिंह, बी0 के0
245 0 _aपद्माकर का बिम्ब विधान
246 _aPadmākar kā bimba vidhāna
260 _aदिल्ली
_b अपर्णा पब्लि
_c1982
300 _a152 पृ.
_ccm.
942 _hO152,1L53:g(P:75), M2-;1
_cTEXL
_2CC
999 _c330897
_d330897